000 00614nam a22002057a 4500
999 _c171775
_d171775
005 20201110155440.0
010 _aENG-127509
020 _a9789352903245
_c399.00
035 _aEN-111041
037 _bDBAD/PUB
082 _aS
100 _aRajadhyaksha,Vijaya
245 _aThe song of a life:
_band other stories/
_cby Vijaya Rajadhyaksha;translated by Keerti Ramachandra
260 _aDelhi
_bRatna books
_c2019
270 _aVirat Bhavan,Mukherjee Nagar,Commercial Complex
_e110009
_b Delhi
300 _a249p.
_c20cm(hb)
650 _aStory
700 _aKeerti Ramachandra
942 _2ddc
_cEN
_hS
_mRAJ